000 00668nam a2200253Ia 4500
003 OSt
005 20221007104632.0
006 a|||||r|||| 00| 0
007 ta
008 221006b |||||||| |||| 00| 0 eng d
024 _a16,423
037 _cTextual
040 _aLCO
_cLCO
_beng
041 _2eng
_aeng
082 _aZ73v,53, K9
100 _aBrissaud Jean
_9689476
245 0 _aHistory of French Public Law
260 _aNew
_bYork Augustus M. Kelley U.S.A.
_c1969
300 _a581
490 _vVol-99
650 _aFRENCH PUBLIC LAW
_9706174
942 _hZ73v,53, K9
_cTEXL
999 _c1185986
_d1185986